000 00257nam a22001097a 4500
008 170126b xxu||||| |||| 00| 0 eng d
020 _a9780073138886
041 _aeng
080 _210TH
_a61
245 _aCORE CONCEPTS IN HEALTH
_cINSEL. P.M
942 _2udc
_cBK
999 _c3718
_d3718